Essentials of life science (Record no. 32716)

MARC details
000 -LEADER
fixed length control field 00460nam a2200181Ia 4500
008 - FIXED-LENGTH DATA ELEMENTS--GENERAL INFORMATION
fixed length control field 230917s9999||||xx |||||||||||||| ||und||
020 ## - ISBN
Price RS995
040 ## - CATALOGING SOURCE
-- 257829
Original cataloging agency VIVEKANANDA LIBRARY
041 ## - Language
-- English
082 ## - DDC NUMBER
Classification number 570 X8E(2)
100 ## - MAIN ENTRY--PERSONAL NAME
Personal name Xu, Jianping
245 #0 - TITLE STATEMENT
Title Essentials of life science
250 ## - EDITION STATEMENT
Edition statement 2nd ed.
260 ## - PUBLICATION, DISTRIBUTION, ETC. (IMPRINT)
Place of publication, distribution, etc New Delhi
Name of publisher, distributor, etc Medtech
Date of publication, distribution, etc 2017
300 ## - PHYSICAL DESCRIPTION
Pages viii, 480 p.
500 ## - GENERAL NOTE
General note 3601 10/09/2019 PBA19/493 11/09/2019 Main Budget
942 ## - ADDED ENTRY ELEMENTS (KOHA)
Koha item type Books
Holdings
Withdrawn status Lost status Damaged status Not for loan Location (home branch) Sublocation or collection (holding branch) Date acquired Koha issues (times borrowed) Koha full call number Accession No. Koha date last seen Koha item type
        VIVEKANANDA LIBRARY VIVEKANANDA LIBRARY 31/10/2019   570 X8E(2) 384935 17/09/2023 Books
        VIVEKANANDA LIBRARY VIVEKANANDA LIBRARY 31/10/2019   570 X8E(2) 384936 17/09/2023 Books
© Designed and Maintained by Vivekananda Library, MDU Rohtak